01219nam a2200349 a 450000100060000000300080000600500170001400600190003100700150005000800410006502000180010603500230012403500240014703500250017103500210019604000260021705000250024308000190026808200120028710000220029924500990032126000400042030000110046044000190047153301640049065000240065465000660067865500270074471000190077185600620079099900170085280333FlNmELB20241217151739.0m o d | cr cn|||||||||201003r2009 sp |||||s|||||||||||spa d z9788483745663 a(MiAaPQ)EBC3187558 a(Au-PeEL)EBL3187558 a(CaPaEBR)ebr10365936 a(OCoLC)928955268 aFlNmELBbspacFlNmELB 4aPQ7082.P7bM637 2009 a821.134.2(899)04a8612221 aMilán, Eduardo.10aCrítica de un extranjero en defensa de un sueñoh[recurso electronico] /cEduardo Milán. a[Madrid] :bHuerga y Fierro,c2009. a231 p. 3aLa rama dorada aRecurso electrónico. Santa Fe, Arg.: e-libro, 2015. Disponible vía World Wide Web. El acceso puede estar limitado para las bibliotecas afiliadas a e-libro. 4aLiteraturaxEnsayo. 4aSpanish American poetryy20th centuryxHistory and criticism. 4aLibros electrónicos.2 ae-libro, Corp.40uhttps://elibro.net/ereader/politecnicointernacional/54405 c80333d80333